| 000 | 00789nam a2200157 a 4500 | ||
|---|---|---|---|
| 008 | 211007s2019 ||||||||||||||||| || u | ||
| 050 | _aUNECA(02)2019/2 | ||
| 110 | _aUnited Nations Economic Commission For Africa(UNECA) | ||
| 245 | 1 | 4 |
_aThe private sector and regional integration in Southern Africa : accelerating opportunities for investment and growth _cBy United Nations Economic Commission for Africa(UNECA) |
| 260 |
_aAddis Ababa _bUNITED NATIONS ECONOMIC COMMISSION FOR AFRICA(UNECA) _c2019 |
||
| 300 | _avi, 39 pages : illustrations | ||
| 650 | _aSPATIAL ECONOMIC | ||
| 650 | _aREGIONAL ECONOMICS | ||
| 650 | _aDEVELOPMENT ECONOMICS | ||
| 995 |
_FCBU-MAIN LIBRARY (Kitwe) _M1 _UAVAILABLE _WNov 24, 2021 _ZInternational Publications |
||
| 999 |
_c54684 _d54684 |
||